=LDR 00000nam 2200000 4500 =001 INLIS000000000014800 =005 20130612110059 =008 ***********************************Ind** =035 ##$$0010-061300000014800 =041 ##$$a Ind =082 ##$$a 643 =090 ##$$a 643, Sia r =100 ##$$a Siahaan, Ryna Merary =245 ##$$a Rumah tropis, Ryna Merary Siahaan =260 ##$$a 2004 $b Jakarta =300 ##$$a 94 hlm, Ilus, 24 cm =650 ##$$a Rumah tinggal =850 ##$$a NBPNMAT